Manual standard del ingeniero electricista / (Record no. 87246)

MARC details
000 -LEADER
campo de control de longitud fija 00849nam a2200217 i 4500
001 - NÚMERO DE CONTROL
campo de control 87246
003 - IDENTIFICADOR DE NÚMERO DE CONTROL
campo de control ES-MaACL
005 - FECHA Y HORA DE LA ÚLTIMA TRANSACCIÓN
campo de control 20230906175628.0
007 - CAMPO FIJO DE DESCRIPCIÓN FÍSICA--INFORMACIÓN GENERAL
campo de control de longitud fija t|
008 - DATOS DE LONGITUD FIJA--INFORMACIÓN GENERAL
campo de control de longitud fija 041220s1953 sp ||||1| spa d
100 1# - ENTRADA PRINCIPAL--NOMBRE DE PERSONA
Nombre de persona Knowlton, Archer E.
9 (RLIN) 68377
245 10 - MENCIÓN DEL TÍTULO
Título Manual standard del ingeniero electricista /
Mención de responsabilidad, etc. bajo la dirección de Archer E. Knowlton ; con la colaboración de R.M. Shoop ; traducción de la octava edición norteamericana, Manuel Gabarró Freixas, Francisco Arguimbau, José Munné Camp.
260 ## - PUBLICACIÓN, DISTRIBUCIÓN, ETC.
Lugar de publicación, distribución, etc. Barcelona :
Nombre del editor, distribuidor, etc. Labor,
Fecha de publicación, distribución, etc. 1953 (
Fabricante Tall. Graf. Ibero-Americanos)
300 ## - DESCRIPCIÓN FÍSICA
Extensión 2 v. ;
Dimensiones 24 cm.
650 #4 - PUNTO DE ACCESO ADICIONAL DE MATERIA--TÉRMINO DE MATERIA
Término de materia o nombre geográfico como elemento de entrada Electrotecnia.
9 (RLIN) 12169
700 1# - ENTRADA AGREGADA--NOMBRE PERSONAL
Nombre de persona Shoop, R. M.
9 (RLIN) 106149
700 1# - ENTRADA AGREGADA--NOMBRE PERSONAL
Nombre de persona Gabarró Freixas, Manuel.
9 (RLIN) 53123
700 1# - ENTRADA AGREGADA--NOMBRE PERSONAL
Nombre de persona Arguimbau, Francisco.
9 (RLIN) 22727
700 1# - ENTRADA AGREGADA--NOMBRE PERSONAL
Nombre de persona Munné Camp, José.
9 (RLIN) 84212
852 ## - LOCALIZACIÓN
Ubicación ES-MaACL
Número de control de estantería E-3410-11
Holdings
Estatus retirado Estado de pérdida Estado de daño No para préstamo Biblioteca de origen Biblioteca actual Ubicación en estantería Fecha de adquisición Fuente de adquisición Total de préstamos Signatura topográfica completa Código de barras Visto por última vez Precio de reemplazo Tipo de ítem Koha
        Biblioteca del Ateneo de Madrid Biblioteca del Ateneo de Madrid Depósito 2 17/01/2008     E-3410-11 1091152 23/02/2023 23/02/2023 Libro impreso